Online
Catalog

La crisis de la educación / (Record no. 36342)

MARC details
000 -CABECERA
campo de control de longitud fija 00628nam a2200193 a 4500
001 - NÚMERO DE CONTROL
campo de control 000036851
005 - FECHA Y HORA DE LA ÚLTIMA TRANSACCIÓN
campo de control 20200930075957.0
008 - DATOS DE LONGITUD FIJA--INFORMACIÓN GENERAL
campo de control de longitud fija 120202s1972 ag 000 0 spa d
040 ## - FUENTE DE LA CATALOGACIÓN
Centro catalogador/agencia de origen DO-SdBNP
Lengua de catalogación spa
Centro/agencia transcriptor BNPHU
082 ## - NÚMERO DE LA CLASIFICACIÓN DECIMAL DEWEY
Número de clasificación xxxx
Número de documento/Ítem xxxx
100 1# - ENTRADA PRINCIPAL--NOMBRE DE PERSONA
Nombre de persona Mann, Horace
9 (RLIN) 63201
245 13 - MENCIÓN DE TÍTULO
Título La crisis de la educación /
Mención de responsabilidad, etc. Horace Mann ; textos seleccionados e introducción de Louis Filler.
260 ## - PUBLICACIÓN, DISTRIBUCIÓN, ETC.
Lugar de publicación, distribución, etc. Buenos Aires, :
Nombre del editor, distribuidor, etc. Paidos,
Fecha de publicación, distribución, etc. 1972.
300 ## - DESCRIPCIÓN FÍSICA
Extensión 307 p. ;
Dimensiones 20 cm.
490 1# - MENCIÓN DE SERIE
Mención de serie Biblioteca del educador contemporaneo
Designación de volumen o secuencia 21
490 1# - MENCIÓN DE SERIE
Mención de serie Mayor
830 #0 - PUNTO DE ACCESO ADICIONAL DE SERIE-TÍTULO UNIFORME
Título uniforme Biblioteca del educador contemporaneo
Número de parte o sección de la obra 21
9 (RLIN) 63202
830 #0 - PUNTO DE ACCESO ADICIONAL DE SERIE-TÍTULO UNIFORME
Título uniforme Mayor
9 (RLIN) 14111
Holdings
Estado de retiro Estado de pérdida Restricciones de uso No para préstamo Código de colección Localización permanente Ubicación/localización actual Ubicación en estantería Fecha de adquisición Número de inventario Total de préstamos Signatura topográfica completa Código de barras Fecha visto por última vez Precio válido a partir de Tipo de ítem Koha
      Excluido de préstamo Monografías: Libros y Folletos General General Depósito 02.02.2012 LF1   xxxx xxxx 36851-10 25.06.2020 25.06.2020 No se presta

Powered by Koha